The joyous invader /

Saved in:
Bibliographic Details
Main Author: Malcolm, Margaret
Format: Book
Language:English
Published: London : Mills & Boon, 1967.
LEADER 00722nam a2200205 a 4500
001 c000085865
003 CARM
005 00000000000000.0
008 920824s1967 enk 00011 eng d
019 1 |a 9197373  |5 LACONCORD2021 
035 |a (OCoLC)59029859  |5 LACONCORD2021 
040 |a VLINC  |c VLINC 
100 1 |a Malcolm, Margaret. 
245 1 4 |a The joyous invader /  |c by Margaret Malcolm. 
260 |a London :  |b Mills & Boon,  |c 1967. 
300 |a 192 p. ;  |c 19 cm. 
852 8 |b CARM  |h A2:AG27G0  |i A01349  |p 0121369  |f BK 
082 0 4 |a 823.914  |2 20 
999 f f |i 299c2117-5be5-500f-b6ef-efb680d09730  |s 1a90c8ed-f76c-5450-b00c-3cfd561b24c8 
952 f f |p Can circulate  |a CAVAL  |b CAVAL  |c CAVAL  |d CARM 1 Store  |e A01349  |f A2:AG27G0  |h Other scheme  |i book  |m 0121369